| 000 | 00539nam a22001817a 4500 | ||
|---|---|---|---|
| 008 | 230630b |||||||| |||| 00| 0 eng d | ||
| 020 | _a978-81-267-2891-6 | ||
| 040 |
_aNational Science Library _cNational Science Library |
||
| 080 |
_a82-31MIS _bQ5 |
||
| 100 |
_aMishra, Keshav Prasad _912505 |
||
| 245 | _aकोहबर की शर्त | ||
| 246 | _aKohbar ki shart | ||
| 260 |
_aNew Delhi: _bRajkamal Prakashan Pvt. Ltd., _c2015 |
||
| 300 | _a135p. | ||
| 650 | _aLiterature | ||
| 653 | _aShort story | ||
| 942 |
_2udc _cHBK |
||
| 999 |
_c48475 _d48475 |
||